Microelectronic Circuit Design (Record no. 2940)

MARC details
005 - DATE AND TIME OF LATEST TRANSACTION
control field 20250621071615.0
020 ## - INTERNATIONAL STANDARD BOOK NUMBER
International Standard Book Number 978-0-07-319163-8
082 ## - DEWEY DECIMAL CLASSIFICATION NUMBER
Classification number LM 6213815 JAE
100 ## - MAIN ENTRY--PERSONAL NAME
Author name JAEGER, R. C.
245 ## - TITLE STATEMENT
Title Microelectronic Circuit Design
250 ## - EDITION STATEMENT
Edition statement 3rd Ed.
260 ## - PUBLICATION, DISTRIBUTION, ETC.
Place of publication, distribution, etc. Boston,
Name of publisher, distributor, etc. Mac Graw Hill,
Date of publication, distribution, etc. 2006.
300 ## - PHYSICAL DESCRIPTION
Extent xxiv,1190p.: ill.; figure. table.
Other physical details Index.
Dimensions 24cm.
700 ## - ADDED ENTRY--PERSONAL NAME
Other authors/Editors BLALOCK, T. N.
856 ## - ELECTRONIC LOCATION AND ACCESS
Link text Access Book Online
Electronic name Microelectronic Circuit Design
Path www.mhhe.com
942 ## - ADDED ENTRY ELEMENTS (KOHA)
Source of classification or shelving scheme Dewey Decimal Classification
Koha item type Books
Holdings
Date last seen Total checkouts Full call number Barcode Cost, replacement price Price effective from Koha item type Lost status Source of classification or shelving scheme Damaged status Not for loan Withdrawn status Home library Current library Shelving location Date acquired Cost, normal purchase price
05/31/2025   LM 6213815 JAE 0000008256 210000.00 05/31/2025 Books   Dewey Decimal Classification       College of Business Education Main Library College of Business Education Main Library General Collection 09/07/2011 70000.00
05/31/2025   LM 6213815 JAE 0000008257 210000.00 05/31/2025 Books   Dewey Decimal Classification       College of Business Education Main Library College of Business Education Main Library General Collection 09/07/2011 70000.00
05/31/2025   LM 6213815 JAE 0000008258 210000.00 05/31/2025 Books   Dewey Decimal Classification       College of Business Education Main Library College of Business Education Main Library General Collection 09/07/2011 70000.00
05/31/2025   LM 6213815 JAE 0000008259 210000.00 05/31/2025 Books   Dewey Decimal Classification       College of Business Education Main Library College of Business Education Main Library General Collection 09/07/2011 70000.00
05/31/2025   LM 6213815 JAE 0000008260 210000.00 05/31/2025 Books   Dewey Decimal Classification       College of Business Education Main Library College of Business Education Main Library General Collection 09/07/2011 70000.00